[Event "Challenge"]
[Site "http://www.queenalice.com/game.php?id=1227517"]
[Date "2013.10.26"]
[Round "-"]
[White "edemarc"]
[Black "laoziller"]
[Result "0-1"]
[WhiteElo "1549"]
[BlackElo "1772"]

1. e4 e5 2. Nf3 Nc6 3. Nc3 Bb4 4. Nd5 Ba5 5. c3 a6 6. d4 exd4 7. Nxd4 Nxd4 8.
Qxd4 f6 9. e5 c6 10. Ne3 Bb6 11. Qe4 Qe7 12. Nf5 g6 13. Nxe7 Nxe7 14. exf6 O-O
15. Qe6+ dxe6 16. Bg5 Nf5 17. g4 Nd6 18. Rd1 Bc7 19. f4 Nc4 20. Bxc4 Bd8 21. O-O
Bxf6 22. Bh6 Rd8 23. Rde1 Rd2 24. b4 Bxc3 25. Re3 Bxb4 26. f5 Bc5 27. Bxe6+ Bxe6
28. fxe6 Bxe3+ 29. Bxe3 Re2 30. Bc5 Rxe6 31. Kg2 Rae8 32. Kh3 Re2 33. a3 Rc2 34.
Bb6 g5 35. Bd4 Rd2 36. Bf6 Re3+ 37. Rf3 Rxf3# 0-1

[Event "Bom jogo"]
[Site "http://www.queenalice.com/game.php?id=1228539"]
[Date "2013.10.30"]
[Round "-"]
[White "brpaschoal"]
[Black "laoziller"]
[Result "0-1"]
[WhiteElo "1752"]
[BlackElo "1783"]

1. e4 e5 2. Nf3 d6 3. Bc4 Bg4 4. O-O Nc6 5. d3 h6 6. h3 Bh5 7. Nc3 Nf6 8. Nd5
Nxd5 9. Bxd5 Qf6 10. b3 Bxf3 11. Bxc6+ bxc6 12. Qxf3 Qxf3 13. gxf3 d5 14. c4 Bd6
15. exd5 cxd5 16. cxd5 O-O 17. Bb2 Rab8 18. a4 Rxb3 19. Rab1 Rxd3 20. Kg2 Rb8
21. Rg1 Rxd5 22. Kh1 Rd2 23. Ba1 Rxb1 24. Rxb1 Rxf2 25. Rb8+ Kh7 26. Bb2 Rxf3
27. Kg2 e4 28. a5 Rf5 29. Bc3 Bc5 30. Be1 Bd4 31. Rd8 c5 32. a6 Rf6 33. Rf8 Kg6
34. Re8 e3 35. Bh4 Rxa6 36. Kf3 Ra1 37. Ke2 c4 38. Rd8 Bb6 39. Be1 Ra2+ 40. Kf3
Ra3 41. Rd6+ f6 42. Re6 Kf5 43. Re4 c3 44. Rf4+ Ke6 45. Rc4 Kd5 46. Rc8 Kd4 47.
h4 Ra2 48. Rxc3 Ba5 49. Rxe3 Bxe1 50. Rxe1 Ra3+ 51. Kg4 g6 52. Rd1+ Ke3 53. Rf1
Ra4+ 54. Kg3 Ra6 55. Re1+ Kd2 56. Kf2 Ra4 57. Re2+ Kc3 58. Re3+ Kb4 59. Re6 Ra2+
60. Kg3 Ra1 61. Rxf6 a5 62. Rxg6 Rg1+ 63. Kf4 Rxg6 0-1

[Event "Challenge"]
[Site "http://www.queenalice.com/game.php?id=1287711"]
[Date "2014.6.12"]
[Round "-"]
[White "tucuman"]
[Black "laoziller"]
[Result "1-0"]
[WhiteElo "1763"]
[BlackElo "1776"]

1. e4 e5 2. Nf3 Nc6 3. Bc4 Nf6 4. d3 h6 5. h3 Bc5 6. O-O d5 7. exd5 Nxd5 8. Bxd5
Qxd5 9. Nc3 Qd6 10. Qe1 O-O 11. Be3 Bf5 12. Bxc5 Qxc5 13. a3 Rfe8 14. Qc1 e4 15.
dxe4 Bxe4 16. Nxe4 Rxe4 17. c3 Rae8 18. Nd4 Nxd4 19. cxd4 Qxc1 20. Raxc1 R8e7
21. d5 Re2 22. b4 Rd2 23. Rfd1 Ra2 24. Rc3 f6 25. f4 Ree2 26. Rg3 Kf7 27. d6
cxd6 28. Rxd6 Re7 29. Rd1 g5 30. fxg5 hxg5 31. Rf1 Ree2 32. Kh2 Kg6 33. Kg1 f5
34. Rd1 Rxa3 35. Rd6+ Kh5 36. Rxa3 a6 37. Rd5 f4 38. Rf3 Rb2 39. Rxf4 1-0

[Event "Challenge"]
[Site "http://www.queenalice.com/game.php?id=1287712"]
[Date "2014.6.12"]
[Round "-"]
[White "laoziller"]
[Black "tucuman"]
[Result "0-1"]
[WhiteElo "1798"]
[BlackElo "1636"]

1. e4 e5 2. Nf3 d6 3. h3 a6 4. Bc4 h6 5. d3 Qf6 6. Nc3 Qg6 7. Nh4 Qf6 8. Nf3 Be6
9. Bxe6 Qxe6 10. Nd5 Qd7 11. O-O Be7 12. c3 Nf6 13. Nxf6+ Bxf6 14. Nh2 Nc6 15.
Ng4 Bg5 16. Qf3 Bxc1 17. Raxc1 O-O-O 18. b4 h5 19. Ne3 g5 20. Nf5 g4 21. hxg4
hxg4 22. Qxg4 Rdg8 23. Qe2 f6 24. a4 Qh7 25. f3 Qh2+ 26. Kf2 Rxg2+ 0-1

[Event "Mais uma?"]
[Site "http://www.queenalice.com/game.php?id=1287756"]
[Date "2014.6.12"]
[Round "-"]
[White "brpaschoal"]
[Black "laoziller"]
[Result "0-1"]
[WhiteElo "1737"]
[BlackElo "1774"]

1. e4 e5 2. Nf3 Nc6 3. d4 exd4 4. Nxd4 Nxd4 5. Qxd4 c5 6. Qd2 d6 7. Bc4 Be7 8.
Qf4 Be6 9. Bxe6 fxe6 10. O-O Bf6 11. Nc3 Bxc3 12. bxc3 Nf6 13. Qh4 h6 14. Bb2 c4
15. Rfd1 Qb6 16. Ba3 O-O-O 17. e5 dxe5 18. Qxc4+ Qc6 19. Qxc6+ bxc6 20. Be7 Rd7
21. Bd6 Rhd8 22. Re1 Rxd6 23. h3 Rd2 24. Rxe5 Rxc2 25. Rxe6 Rxc3 26. a4 Rd7 27.
f4 Kc7 28. Kh2 Rb3 29. Rc1 Rb6 30. a5 Ra6 31. g4 Nd5 32. Kg3 Rd6 33. Re8 Rxa5
34. Rb1 Rb5 35. Rf1 Rb3+ 36. Kh4 Nf6 37. Re7+ Kb6 38. g5 hxg5+ 39. Kxg5 Rg3+ 40.
Kf5 Rd5+ 41. Ke6 Re3+ 42. Kf7 Rxe7+ 43. Kxe7 Nh5 44. Ke6 a5 45. Rg1 Nxf4+ 0-1

[Event "Challenge"]
[Site "http://www.queenalice.com/game.php?id=1289010"]
[Date "2014.6.17"]
[Round "-"]
[White "laoziller"]
[Black "ALDROB"]
[Result "1-0"]
[WhiteElo "1759"]
[BlackElo "1875"]

1. e4 c5 2. Nc3 d6 3. Bc4 Nc6 4. Nf3 Nf6 5. d3 Bg4 6. h3 Bxf3 7. Qxf3 Ne5 8. Qg3
Nxc4 9. dxc4 Qa5 10. Bd2 Qb6 11. b3 e5 12. O-O O-O-O 13. Bg5 Be7 14. Bxf6 Bxf6
15. Nd5 Qc6 16. Nxf6 gxf6 17. Qg7 Rdg8 18. Qxf6 Qxe4 19. f3 Qd4+ 20. Kh1 Qd2 21.
Rfd1 Qxc2 22. g4 Qg6 23. Rxd6 Qxf6 24. Rxf6 h5 25. Kg2 hxg4 26. hxg4 e4 27. Rxf7
exf3+ 28. Kxf3 Rh3+ 29. Ke4 Rg3 30. Kd5 R3xg4 31. Kxc5 b6+ 32. Kb5 R4g5+ 33. Kb4
a5+ 34. Ka3 b5 35. Rc1 b4+ 36. Ka4 Rd8 37. Rc2 Rd1 38. Rcf2 Ra1 39. Ra7 Kb8 40.
Rxa5 1-0

[Event "Challenge"]
[Site "http://www.queenalice.com/game.php?id=1290086"]
[Date "2014.6.23"]
[Round "-"]
[White "tucuman"]
[Black "laoziller"]
[Result "1-0"]
[WhiteElo "1646"]
[BlackElo "1792"]

1. e4 e5 2. Nf3 d6 3. Bc4 Bg4 4. h3 Bh5 5. d3 h6 6. Nc3 Nc6 7. g4 Bg6 8. a3 Nd4
9. Nxd4 exd4 10. Ne2 c5 11. Nf4 Bh7 12. Qf3 Be7 13. Nh5 Bf6 14. Nxf6+ Nxf6 15.
Bd2 O-O 16. O-O Qb6 17. b3 Qc6 18. h4 b5 19. Bd5 Nxd5 20. exd5 Qd7 21. Bf4 Rfe8
22. Qg3 Re2 23. Rac1 Rae8 24. Bxd6 Rd2 25. Bf4 Rde2 26. d6 Kh8 27. g5 h5 28. Qf3
Qg4+ 29. Qxg4 hxg4 30. Bg3 Bg8 31. d7 Rd8 32. Rfe1 Rxe1+ 33. Rxe1 Rxd7 34. h5 f5
35. g6 Rd8 36. Be5 Bd5 37. h6 Bf3 38. Bxg7+ Kg8 39. Bf6 Rd7 40. Re8# 1-0

[Event "Challenge"]
[Site "http://www.queenalice.com/game.php?id=1290087"]
[Date "2014.6.23"]
[Round "-"]
[White "laoziller"]
[Black "tucuman"]
[Result "1-0"]
[WhiteElo "1748"]
[BlackElo "1701"]

1. e4 e5 2. Nf3 d6 3. h3 a6 4. Bc4 h6 5. d3 Nc6 6. Nc3 Nf6 7. Bd5 Bd7 8. O-O
Nxd5 9. Nxd5 Be7 10. Be3 Be6 11. c4 Bxd5 12. cxd5 Na7 13. Qb3 b6 14. Rfc1 Nb5
15. d4 exd4 16. Nxd4 Nxd4 17. Bxd4 O-O 18. Qg3 Bf6 19. Bxf6 Qxf6 20. Rxc7 b5 21.
Rac1 a5 22. Rd7 Rad8 23. Rcc7 Rxd7 24. Rxd7 Rd8 25. Rxd8+ Qxd8 26. Qc3 b4 27.
Qc6 a4 28. Qxa4 Qe7 29. Qxb4 Kh8 30. a4 g5 31. a5 Qc7 32. a6 Kg8 33. Qb7 Qc1+
34. Kh2 Qf4+ 35. Kh1 Qxf2 36. Qc8+ Kg7 37. Qc3+ Kg8 38. Qc8+ Kg7 39. Qc3+ f6 40.
b4 Qf1+ 41. Kh2 Qf4+ 42. Qg3 Qxe4 43. Qxd6 Qe8 44. Qc7+ Kg6 45. a7 1-0

[Event "Challenge"]
[Site "http://www.queenalice.com/game.php?id=1290302"]
[Date "2014.6.24"]
[Round "-"]
[White "tucuman"]
[Black "laoziller"]
[Result "1-0"]
[WhiteElo "1655"]
[BlackElo "1770"]

1. e4 e5 2. Nf3 Nc6 3. d3 h6 4. a3 Bc5 5. Nc3 d6 6. h3 Nf6 7. Bd2 O-O 8. Be2 Nd4
9. Nxd4 Bxd4 10. Rb1 Be6 11. Bf3 c6 12. Ne2 Qb6 13. c3 Bxf2+ 14. Kf1 Bb3 15. Qc1
Bh4 16. g3 Bg5 17. Bxg5 hxg5 18. Qxg5 Nh7 19. Qd2 f5 20. exf5 Rxf5 21. Kg2 Raf8
22. Rhf1 d5 23. g4 R5f7 24. Ng3 d4 25. cxd4 Qxd4 26. Nf5 Rxf5 27. gxf5 Rxf5 28.
Bg4 Bd5+ 29. Bf3 Rg5+ 30. Kh2 Rf5 31. Qg2 Qf4+ 32. Qg3 Qd2+ 33. Qg2 Qf4+ 34. Qg3
Ng5 35. Qxf4 exf4 36. Bg4 Re5 37. Rxf4 Re2+ 38. Bxe2 1-0

[Event "Challenge"]
[Site "http://www.queenalice.com/game.php?id=1290303"]
[Date "2014.6.24"]
[Round "-"]
[White "laoziller"]
[Black "tucuman"]
[Result "1-0"]
[WhiteElo "1762"]
[BlackElo "1650"]

1. d4 d5 2. Nc3 e6 3. a3 h6 4. Bf4 a6 5. e3 Nc6 6. Nf3 Nf6 7. Be5 Be7 8. Bd3
Nxe5 9. Nxe5 O-O 10. O-O Nh7 11. Qh5 Bf6 12. Ne2 Bxe5 13. Qxe5 Nf6 14. Ng3 Qd6
15. Qxd6 cxd6 16. c4 dxc4 17. Bxc4 d5 18. Bd3 Bd7 19. Rac1 Bc6 20. Rfe1 a5 21.
e4 dxe4 22. Bxe4 Bxe4 23. Nxe4 Nxe4 24. Rxe4 b5 25. h3 a4 26. Rc5 Rab8 27. Ree5
Rfd8 28. Rxb5 Rxb5 29. Rxb5 Rxd4 30. g4 g5 31. Rb4 Rd1+ 32. Kg2 Rd2 33. Kf3 Rd3+
34. Kg2 e5 35. Rxa4 Rb3 36. Rb4 Rd3 37. Re4 f6 38. a4 Rb3 39. a5 Rxb2 40. Ra4
Kg7 41. a6 Rb8 42. Kf3 Ra8 43. Ke4 Kf7 44. Kd5 Ke7 45. Kc6 Rc8+ 46. Kb7 Rd8 47.
Rc4 Rd7+ 48. Rc7 Rxc7+ 49. Kxc7 1-0

[Event "Challenge"]
[Site "http://www.queenalice.com/game.php?id=1293217"]
[Date "2014.7.7"]
[Round "-"]
[White "tucuman"]
[Black "laoziller"]
[Result "1-0"]
[WhiteElo "1676"]
[BlackElo "1749"]

1. e4 e5 2. Nf3 d6 3. Bc4 Nf6 4. d3 h6 5. a3 Bg4 6. h3 Bh5 7. O-O Nc6 8. Be3 a6
9. Nc3 Be7 10. g4 Bg6 11. d4 exd4 12. Nxd4 Bxe4 13. f3 Nxd4 14. fxe4 Nc6 15. Bd4
d5 16. exd5 Nxd4 17. Qxd4 O-O 18. Rae1 c6 19. Qd1 Bc5+ 20. Kh1 Qd6 21. dxc6
Qxc6+ 22. Bd5 Nxd5 23. Nxd5 Rad8 24. c4 b5 25. b4 Ba7 26. Qf3 f6 27. Ne7+ 1-0

[Event "Challenge"]
[Site "http://www.queenalice.com/game.php?id=1293218"]
[Date "2014.7.7"]
[Round "-"]
[White "laoziller"]
[Black "tucuman"]
[Result "1-0"]
[WhiteElo "1730"]
[BlackElo "1773"]

1. d4 d5 2. Nc3 e6 3. a3 h6 4. Bf4 a6 5. e3 Nc6 6. Nf3 Bd6 7. Bxd6 Qxd6 8. Be2
Nf6 9. h3 b6 10. O-O Bb7 11. Bd3 O-O-O 12. b4 b5 13. Re1 Kb8 14. e4 dxe4 15.
Nxe4 Nxe4 16. Bxe4 f5 17. Bxc6 Bxc6 18. Qd3 Bb7 19. c3 g5 20. Ne5 h5 21. Nf7 Qc6
22. f3 f4 23. Nxh8 Rxh8 24. Re5 g4 25. Qe4 Qxe4 26. fxe4 gxh3 27. gxh3 h4 28.
Rxe6 c6 29. Kf2 Ka7 30. Rg1 Rf8 31. Rg7 Kb8 32. Ree7 1-0

[Event "Challenge"]
[Site "http://www.queenalice.com/game.php?id=1299815"]
[Date "2014.8.6"]
[Round "-"]
[White "laoziller"]
[Black "paolop69"]
[Result "1/2-1/2"]
[WhiteElo "1789"]
[BlackElo "1701"]

1. e4 e5 2. Nf3 d6 3. h3 h6 4. Bc4 c6 5. O-O Nf6 6. d3 d5 7. exd5 cxd5 8. Bb5+
Bd7 9. Nxe5 a6 10. Ba4 Bxa4 11. Nc3 Bb5 12. Nxb5 axb5 13. Re1 Be7 14. Bf4 Nbd7
15. Nxd7 Qxd7 16. Qf3 O-O 17. Qg3 Nh5 18. Qg4 Qxg4 19. hxg4 Bb4 20. gxh5 Bxe1
21. Rxe1 Rfe8 22. Kf1 Rxe1+ 23. Kxe1 Rxa2 24. Bc1 Ra1 25. Kd2 Kf8 26. b3 g6 27.
hxg6 fxg6 28. g3 h5 29. Bb2 Rf1 30. Bd4 Rb1 31. Kc3 Ke7 32. Kb4 Rc1 33. c3 Rd1
34. Kxb5 Rxd3 35. Kb6 Kd6 36. Kxb7 Rd1 37. Kb6 Rb1 38. b4 Rb3 39. Kb5 g5 40.
Bc5+ Kc7 41. c4 dxc4 42. Kxc4 Rb1 43. Kd5 Kd7 44. Ke5 g4 45. Kf5 Kc6 46. Kg5 Rh1
47. Kf4 Kb5 48. f3 gxf3 49. Kxf3 Rf1+ 50. Kg2 Rf5 51. Kh3 Rg5 52. Kh4 Rg8 53.
Bd6 Kc6 54. Be7 Rh8 55. Bc5 Rh7 56. Be3 1/2-1/2

[Event "Challenge"]
[Site "http://www.queenalice.com/game.php?id=1307944"]
[Date "2014.9.13"]
[Round "-"]
[White "tucuman"]
[Black "laoziller"]
[Result "0-1"]
[WhiteElo "1684"]
[BlackElo "1785"]

1. e4 e5 2. Bc4 Nc6 3. d3 h6 4. Qf3 Nf6 5. a3 Bc5 6. Be3 Bxe3 7. Qxe3 Nd4 8. Bb3
d6 9. h3 O-O 10. Nf3 c5 11. Nxd4 cxd4 12. Qd2 b6 13. c3 dxc3 14. Qxc3 Bd7 15.
O-O Rc8 16. Qd2 Qe7 17. Qe3 Rc7 18. Nc3 Rfc8 19. Rac1 Be6 20. Bxe6 Qxe6 21. Qd2
Qb3 22. f3 Nh5 23. Nd5 Rxc1 24. Ne7+ Kf8 25. Rxc1 Rxc1+ 26. Qxc1 Kxe7 27. Qc7+
Ke6 28. Qc4+ Qxc4 29. dxc4 Nf4 30. b4 f5 31. c5 dxc5 32. bxc5 bxc5 33. exf5+
Kxf5 34. Kf2 e4 35. fxe4+ Kxe4 36. Kg3 c4 0-1

[Event "Challenge"]
[Site "http://www.queenalice.com/game.php?id=1324272"]
[Date "2014.11.25"]
[Round "-"]
[White "tucuman"]
[Black "laoziller"]
[Result "1/2-1/2"]
[WhiteElo "1628"]
[BlackElo "1797"]

1. e4 e5 2. Nc3 Nf6 3. d3 h6 4. Nf3 Nc6 5. a3 Bc5 6. h3 d6 7. Be2 a6 8. O-O Be6
9. b4 Bd4 10. Bb2 O-O 11. Nxd4 Nxd4 12. Bf3 c6 13. Ne2 Nxe2+ 14. Qxe2 a5 15. c3
axb4 16. axb4 Qb6 17. Qe3 Qxe3 18. fxe3 Bb3 19. c4 Ra6 20. Rxa6 bxa6 21. Ra1 Bc2
22. Be2 Ra8 23. Rc1 Ba4 24. c5 d5 25. exd5 cxd5 26. Bxe5 Re8 27. Bxf6 Rxe3 28.
Bf3 gxf6 29. Bxd5 Rxd3 30. c6 Rxd5 31. c7 Bd7 32. c8=Q+ Bxc8 33. Rxc8+ Kg7 34.
Ra8 Rb5 35. Rxa6 Rxb4 36. g4 Rb2 37. Ra3 Kg6 38. Rf3 Kg5 39. Rf2 Rb3 40. Kg2 Rb4
41. Kg3 Rb3+ 42. Kg2 Kh4 43. Rf3 Rxf3 44. Kxf3 Kxh3 45. Kf4 f5 46. Kxf5 Kh4 47.
Kf4 h5 48. gxh5 Kxh5 49. Kf5 Kh6 50. Kf6 Kh5 51. Kxf7 1/2-1/2

[Event "Challenge"]
[Site "http://www.queenalice.com/game.php?id=1333751"]
[Date "2015.1.8"]
[Round "-"]
[White "tucuman"]
[Black "laoziller"]
[Result "0-1"]
[WhiteElo "1635"]
[BlackElo "1767"]

1. e4 e5 2. Nf3 Nc6 3. Bc4 a6 4. d3 Bc5 5. Ng5 Nh6 6. O-O d6 7. Be3 Bxe3 8. Nf3
Bb6 9. Nc3 O-O 10. a3 Qf6 11. h3 Nd4 12. Nxd4 Bxd4 13. Kh1 Qh4 14. Qf3 Bg4 15.
Qg3 Qxg3 16. fxg3 Be6 17. Bxe6 fxe6 18. Rab1 Bxc3 19. bxc3 Rxf1+ 20. Rxf1 Rf8
21. Re1 Rf2 22. Rc1 d5 23. exd5 exd5 24. Kg1 Rf6 25. a4 Nf5 26. g4 Ne3 27. Kh2
Rf2 28. Kg1 Rxg2+ 29. Kh1 Kf7 30. c4 d4 31. a5 Kg6 32. c5 Kg5 33. Rd1 Rxc2 34.
Rb1 Kh4 35. Rxb7 Kg3 36. Rxc7 Rc1# 0-1

[Event "Challenge"]
[Site "http://www.queenalice.com/game.php?id=1333752"]
[Date "2015.1.8"]
[Round "-"]
[White "laoziller"]
[Black "tucuman"]
[Result "0-1"]
[WhiteElo "1790"]
[BlackElo "1619"]

1. d4 d5 2. Nc3 e6 3. a3 a6 4. Bf4 h6 5. Nf3 Nc6 6. e3 Nf6 7. h3 Ne4 8. Nxe4
dxe4 9. Ne5 Nxe5 10. Bxe5 Bd7 11. c3 Bc6 12. Qb3 Bd6 13. Bxg7 Rh7 14. Be5 Bxe5
15. dxe5 Qe7 16. Be2 Qg5 17. O-O Qxe5 18. Rad1 Rg7 19. Bg4 h5 20. Be2 Qg5 21. g3
Kf8 22. Rd4 h4 23. g4 Qe5 24. Rfd1 Qf6 25. Qc2 Rg5 26. Bc4 b5 27. Ba2 Qf3 28.
Rd8+ Rxd8 29. Rxd8+ Kg7 30. Rc8 Qxh3 31. Rxc7 Bd5 32. Bxd5 Rxg4# 0-1

[Event "Challenge"]
[Site "http://www.queenalice.com/game.php?id=1342723"]
[Date "2015.2.19"]
[Round "-"]
[White "laoziller"]
[Black "tucuman"]
[Result "0-1"]
[WhiteElo "1761"]
[BlackElo "1499"]

1. e4 e5 2. Nf3 d6 3. h3 h6 4. Bb5+ Bd7 5. Bxd7+ Qxd7 6. d3 Nc6 7. c3 Nf6 8. b4
a6 9. Qb3 Na7 10. c4 Be7 11. Nc3 O-O 12. Be3 c5 13. bxc5 dxc5 14. O-O Rab8 15.
Nxe5 Qd6 16. Nd5 Nxd5 17. cxd5 Qxe5 18. Rac1 Bd6 19. Bxc5 Bxc5 20. Rxc5 Qf4 21.
Rc7 Nb5 22. Re7 Rbe8 23. Rxb7 Nd4 24. Qc4 Ne2+ 25. Kh1 Ng3+ 26. Kg1 Nxf1 27.
Kxf1 Rc8 28. Qxa6 Rc1+ 29. Ke2 Qd2+ 30. Kf3 Rf1 31. Qb6 Qxd3+ 0-1

[Event "Challenge"]
[Site "http://www.queenalice.com/game.php?id=1350443"]
[Date "2015.3.28"]
[Round "-"]
[White "laoziller"]
[Black "JORAM2205"]
[Result "0-1"]
[WhiteElo "1778"]
[BlackElo "1749"]

1. e4 e5 2. Nf3 d6 3. h3 Nf6 4. Nc3 Be7 5. Bb5+ Bd7 6. d3 a6 7. Ba4 b5 8. Bb3 h6
9. Nd5 c6 10. Nxf6+ Bxf6 11. O-O c5 12. a3 Nc6 13. Bd5 Qe7 0-1

[Event "Challenge"]
[Site "http://www.queenalice.com/game.php?id=1356697"]
[Date "2015.5.1"]
[Round "-"]
[White "tucuman"]
[Black "laoziller"]
[Result "1-0"]
[WhiteElo "1594"]
[BlackElo "1735"]

1. e4 e5 2. Nc3 a6 3. Nf3 Nc6 4. Bc4 Bc5 5. d3 h6 6. O-O d6 7. h3 Nf6 8. a3 O-O
9. Bd2 Nd4 10. Nxd4 Bxd4 11. Qe2 1-0

[Event "Challenge"]
[Site "http://www.queenalice.com/game.php?id=1356698"]
[Date "2015.5.1"]
[Round "-"]
[White "laoziller"]
[Black "tucuman"]
[Result "0-1"]
[WhiteElo "1713"]
[BlackElo "1616"]

1. e4 e5 2. Nf3 d6 3. h3 Nf6 4. Nc3 a6 5. Bc4 h6 6. d3 Be7 7. O-O Nc6 8. a3 O-O
9. Nd5 Nxd5 10. Bxd5 Bd7 0-1